LEADER 00675nam a2200169 i 4500 001 000000251514 003 CaOOAMICUS 005 20161117000000.0 008 161117s1893 it u000 u ita u 013 $a230419 040 $aSeMil$bita 245 10$aVol. 1. 300 $aXXX, 772 p., [1] c. di tav. :$britr. 773 0 $aCadorna, Carlo <1809-1891>$tReligione, diritto, libertà.$bEd. postuma / curata dal generale Cadorna ; con cenni biografici del senatore M. Tabarrini.$dMilano : Ulrico Hoepli, 1893.$g1$w()33428 850 $aSeMil 852 $aSeMil$W1$xVenegono$y1$m3L IV 95 FA$j201860$B201860$CSeMilBibl$Z2$F214214 $8I 996 $6245$aVol. 1$9(OLS)http://semarc/title/13429 LEADER 00804nam a2200193 i 4500 001 000000242415 003 CaOOAMICUS 005 20150604000000.0 008 150604s1766 it u000 u fre u 013 $a221320 026 $ae,55 5.us e&sa (gmi (3) 1766 (R) 040 $aSeMil$bita 245 10$aTome 4. 300 $a[4], 484 p. 500 $aSegn. : pg2 A-2G8 2H2. 773 0 $aThiébault, Martin-François <1749-1795>$tHomélies sur les épitres des Dimanches et des fêtes principales de l'année. Par M. Thiébaut ... Tome 1. [-4.].$dA Metz : Chez Joseph Collignon, imprimeur du Roi & de l'Evêché, à la Bible d'Or, 1766.$g4$w()31983 850 $aSeMil 852 $aSeMil$W1$xVenegono$y1$m3F II 97 FA$j192761$B192761$CSeMilBibl$Z2$F203563 $8I 996 $6245$aTome 4$9(OLS)http://semarc/title/1585